| 000 | 00514nam a2200181Ia 4500 | ||
|---|---|---|---|
| 001 | 19361 | ||
| 005 | 20260306172647.0 | ||
| 008 | 260306t2000||||xx |||||||||||||| ||spa|| | ||
| 041 | _aESP | ||
| 082 |
_a658.84 _bW53 |
||
| 100 |
_aWheeler, Steven _eAUT |
||
| 245 | 0 |
_aLos canales de distribución: _bcómo las compañías líderes crean nuevas estrategias para servir a los clientes |
|
| 260 | _c2000 | ||
| 300 |
_axxiii, 214 páginas : _c23 cm. |
||
| 650 | _aGEN | ||
| 654 | _aCAN | ||
| 942 |
_cLIB _dJUS _fJUS _2ddc _n |
||
| 999 |
_c19361 _d19361 |
||